COLLINS German-English dictionary

Bibliographic Details
Other Authors: Breitsprecher, Calderwood-Schnorr
Format: Book
Published: London : Stuttgart : Collins; Klett , 1983
Subjects:

MARC

LEADER 00000cam a2200000 7i4500
001 0000002375
005 20030531.0
020 0 0 |a 3125171318 
090 0 0 |a 433.21   |b COL 1983 
245 0 0 |a COLLINS German-English dictionary   |c by Roland Breitsprecher ... [et al. ; edited by Veronika Calderwood-Schnoor 
260 0 0 |a London :   |b Collins;   |a Stuttgart :   |b Klett ,   |c 1983 
300 |a 2 v. ;   |c 20 cm. 
500 0 0 |a Title of v. 2: Collins English-German dictionary 
500 0 0 |a Title on added t.p.: Pons Deutsch-Englisch 
650 0 0 |a English language   |x Dictionaries   |x German 
650 0 0 |a German language   |x Dictionaries   |x English. 
700 0 1 |a Breitsprecher   |h Roland 
700 0 1 |a Calderwood-Schnorr   |h Veronika 
740 0 0 |a Collins English-German dictionary 
740 0 0 |a Pons Deutsch-Englisch 
998 |a JPSM 
999 |a 0000004168   |b Monograph   |c Open Shelf   |e Default branch 
999 |a 0000004178   |b Monograph   |c Open Shelf   |e Default branch